000 00812 a2200205 4500
008 080821t xxu||||| |||| 00| 0 eng d
010 _aENG-85011
020 _c60.00
_a8183331386
035 _aEN-68544
037 _bD. B. Act / Pub
082 _a621.385
100 _aLotia, Manahar
245 _aModern mobile phones unlocking and utility codes
_bfor GSM and CDMA phones
_cby Manahar Lotia
260 _aNew Delhi
_bBPB Publications
_c2006
270 _aB-14, Connaught Place
_bNew Delhi
_cDelhi
_e110001
300 _a104 p.
_bill,
_c21 cm. (Pbk)
650 _aMobile phone
_xcodes
942 _adpl
_cEN
_k621.385 / LOT
_2ddc
_h621.385
_mLOT
999 _c885
_d885